| 000 | 00422cam a22001097a 4500 | ||
|---|---|---|---|
| 008 | 180718b1969 xxu||||| |||| 00| 0 eng d | ||
| 082 | _aT111x54 In2/1960-61-1965-66 | ||
| 245 |
_aEstimates of capital formation in India _cby Central Statistical Organisation, Department of Statistic |
||
| 260 |
_aDelhi _bGovernment of India _c1969 |
||
| 300 | _a34p | ||
| 700 | _aIndia. Department of Statistics. Central Statistical Organisation | ||
| 999 |
_c496805 _d496805 |
||